000 00529nam a2200181 i 4500
001 71158
003 ES-MaACL
005 20230906171036.0
007 t|
008 040806s1973 sp ||||1| spa d
100 1 _aGaunt, William.
_956017
245 1 4 _aLos surrealistas /
_cWilliam Gaunt ; [traducción de Baldomero Porta Gou].
250 _a[1ª ed.].
260 _aBarcelona, etc. :
_bLabor,
_c[1973]
300 _a272 p., 93 lám. ;
_c22 cm.
700 1 _aPorta, Baldomero.
_993173
852 _aES-MaACL
_jC-55018
_bR.87982
999 _c71158
_d71158